000 00990nam a22003257a 4500
001 BR0702980
003 BR-BrBNA
005 20230928102443.0
007 ta
008 230509b bl.||||| |||| 00| 0 por d
040 _aBR-BrBNA
_bpor
_cBiblioteca Nacional de Agricultura
041 _a(Por)
072 _aE14; E50; P10
090 _ E14 BR0702980
110 1 _aMinistério da Integração Nacional, Brasília, DF (Brasil)
245 1 _aPlano estratégico de desenvolvimento sustentável do semi-árido; versão para discussão
260 3 _aBrasília, DF (Brasil):
_c2005 .
300 _a134 p.
650 _aDESENVOLVIMENTO SUSTENTÁVEL
650 _aPOLÍTICA GOVERNAMENTAL
650 _aPLANEJAMENTO REGIONAL
650 _aDESENVOLVIMENTO SÓCIO-ECONÔMICO
650 _aRECURSO HÍDRICO
650 _aTRANSPORTE
650 _aAGRONEGÓCIO
650 _aPROJETO DE DESENVOLVIMENTO
650 _aNORDESTE
909 _a202309
_bLucia
_c55
_dLucia Elande
942 _cBK
999 _c70845
_d70845